Yüklüyor......

Basic circuit theory: With digital computations

Detaylı Bibliyografya
Yazar: Huelsman, Lawrence P
Materyal Türü: Printed Book
Baskı/Yayın Bilgisi: Prentice - Hall of India, Pvt. ltd., New Delhi 1972
Konular:
LEADER 00568nam a2200193 4500
020 |c $18.95 
082 |a 621.3192 HUE-B 
100 |a Huelsman, Lawrence P 
245 |a Basic circuit theory: With digital computations 
250
260 |a Prentice - Hall of India, Pvt. ltd., New Delhi  |c 1972 
300 |a 896 
490
500
590 |a VMV  |c $18.95 
650 |a Electric circuit analysis 
942 |c BK 
999 |c 80173  |d 80173 
952 |0 0  |1 0  |4 0  |6 621_319200000000000_HUEB  |7 0  |9 93641  |a PHY  |b PHY  |g 0.00  |l 0  |o 621.3192 HUE-B  |p PHY01854  |r 2019-09-24  |w 2019-09-24  |y BK